000 00205nam a22000857a 4500
008 170118b xxu||||| |||| 00| 0 eng d
100 _92477
_aKhattri.S.
245 _aEnglish Grammar-2
260 _aU.P.
_bBMI
_c2010
999 _c5542
_d5542